<?xml version="1.0" encoding="UTF-8"?>
<marc:record xmlns:marc="http://www.loc.gov/MARC21/slim">
   <marc:leader>00000nam a2200000 a 4500</marc:leader>
   <marc:datafield ind1="1" ind2=" " tag="100">
      <marc:subfield code="a">Langenscheidt, Redaktion</marc:subfield>
      <marc:subfield code="4">edt</marc:subfield>
      <marc:subfield code="e">Bearbeiter/-in</marc:subfield>
   </marc:datafield>
   <marc:datafield ind1=" " ind2=" " tag="653">
      <marc:subfield code="a">Sprachkurs</marc:subfield>
   </marc:datafield>
   <marc:datafield ind1=" " ind2=" " tag="653">
      <marc:subfield code="a">Italienisch</marc:subfield>
   </marc:datafield>
   <marc:datafield ind1=" " ind2=" " tag="653">
      <marc:subfield code="a">Hören</marc:subfield>
   </marc:datafield>
   <marc:datafield ind1=" " ind2=" " tag="653">
      <marc:subfield code="a">Aussprache</marc:subfield>
   </marc:datafield>
   <marc:datafield ind1=" " ind2=" " tag="653">
      <marc:subfield code="a">selbstständig</marc:subfield>
   </marc:datafield>
   <marc:datafield ind1=" " ind2=" " tag="653">
      <marc:subfield code="a">Hörkurs</marc:subfield>
   </marc:datafield>
   <marc:datafield ind1=" " ind2=" " tag="653">
      <marc:subfield code="a">Kassette / Schule</marc:subfield>
   </marc:datafield>
   <marc:datafield ind1=" " ind2=" " tag="653">
      <marc:subfield code="a">Lernen/Erwachsenenbildung</marc:subfield>
   </marc:datafield>
   <marc:datafield ind1=" " ind2=" " tag="653">
      <marc:subfield code="a">Volkshochschule/Selbstlernmaterialien Sprache</marc:subfield>
   </marc:datafield>
   <marc:datafield ind1="0" ind2="0" tag="245">
      <marc:subfield code="a">Langenscheidt Audio-Kurs Italienisch - Gratis-MP3-Download inklusive</marc:subfield>
   </marc:datafield>
   <marc:datafield ind1="0" ind2="0" tag="245">
      <marc:subfield code="b">Der Sprachkurs zum Hören mit 4 Audio-CDs und Begleitheft</marc:subfield>
   </marc:datafield>
   <marc:datafield ind1=" " ind2="1" tag="264">
      <marc:subfield code="a">Stuttgart</marc:subfield>
      <marc:subfield code="b">Langenscheidt bei PONS</marc:subfield>
      <marc:subfield code="c">2017</marc:subfield>
   </marc:datafield>
   <marc:datafield ind1="1" ind2=" " tag="490">
      <marc:subfield code="a">Langenscheidt Audio-Kurs</marc:subfield>
   </marc:datafield>
   <marc:datafield ind1="1" ind2=" " tag="520">
      <marc:subfield code="a">Angaben aus der Verlagsmeldung

Langenscheidt Audio-Kurs Italienisch - Gratis-MP3-Download inklusive : Der Sprachkurs zum Hören mit 4 Audio-CDs und Begleitheft

Einfach nebenbei Italienisch lernen, ob bei der Hausarbeit oder unterwegs - dieser Sprachkurs zum Hören vermittelt die wichtigsten italienischen Wörter und Wendungen für Alltag und Reise. Unterhaltsame Dialoge und effektive Übungen trainieren Hören und Sprechen.

Die wichtigsten Wörter und Wendungen für Alltag und Reise

Dialoge mit Übersetzung

Übungen zum Anwenden und Einprägen

Alle Texte zum Nachlesen, Kurzgrammatik und Wortschatzregister im Begleitheft

Mobil lernen - zu Hause und unterwegs

Gratis-MP3-Download inklusive!

</marc:subfield>
   </marc:datafield>
   <marc:datafield ind1=" " ind2=" " tag="020">
      <marc:subfield code="a">9783125631250</marc:subfield>
      <marc:subfield code="9">9783125631250</marc:subfield>
   </marc:datafield>
   <marc:datafield ind1=" " ind2=" " tag="020">
      <marc:subfield code="a">3125631254</marc:subfield>
      <marc:subfield code="9">3125631254</marc:subfield>
   </marc:datafield>
   <marc:datafield ind1=" " ind2=" " tag="041">
      <marc:subfield code="a">ger</marc:subfield>
   </marc:datafield>
   <marc:datafield ind1=" " ind2=" " tag="300">
      <marc:subfield code="a">CD</marc:subfield>
   </marc:datafield>
</marc:record>
